MARC

LEADER 00000nam0a2200000 4500
001 59423
005 20241004092828.0
010 |a 5318007481 
035 |a (RuTPU)RU\TPU\book\62815 
090 |a 59423 
100 |a 20031229d2002 km y0rusy50 ca 
101 1 |a rus 
102 |a RU 
105 |a a z 001zy 
200 1 |a Java. Сборник рецептов для профессионалов  |e пер. с англ.  |f Я. Ф. Дарвин 
210 |a СПб.  |c Питер  |d 2002 
215 |a 764 с.  |c ил. 
225 1 |a Для профессионалов 
320 |a Алфавитный указатель: с. 759-764 
610 1 |a информатика 
610 1 |a языки программирования 
610 1 |a Java 
610 1 |a объектно-ориентированное программирование 
610 1 |a прикладное программирование 
610 1 |a интерфейсы 
610 1 |a API 
610 1 |a XML 
610 1 |a базы данных 
610 1 |a структура 
610 1 |a графика 
610 1 |a звуки 
675 |a 681.3.06:800.92  |v 3 
700 1 |a Дарвин  |b Я. Ф.  |g Ян Ф. 
801 1 |a RU  |b 63413507  |c 20031229  |g PSBO 
801 2 |a RU  |b 63413507  |c 20141203  |g PSBO 
942 |c BK